000 00392 a2200085 4500
245 0 0 _aPrzewody o izolacji polwinitowej na napięcie znamionowe - nie przekraczające 450/750 V Przewody z powłoką polwinitową olejoodporną dwużyłowe lub o większej liczbie żył PN-E-90500-13 /
_cNKP nr 53.
246 1 3 _aPN-E-90500-13
260 _aWarszawa :
_bNKP nr 53,
_c2001.
300 _a17 stron ;
_c30 cm.
650 _aPolska norma
999 _c19582
_d19582